00000000nam 2200000za 4500
0019.855878
003CaOODSP
00520241203113642
007cr |||||||||||
008180426s1987    mbc    #ot   f|0| 0 eng d
020 |z0-662-15439-9
040 |aCaOODSP|beng
041 |aeng|bfre
043 |an-cn---
0861 |aCW69-5/22E-PDF
1001 |aBoothroyd, Peter.
24510|aPreliminary assessment of the effects of the proposed Polar Gas pipeline and other hydrocarbon development projects on waterfowl of the northern MacKenzie valley |h[electronic resource] / |cPeter N. Boothroyd.
260 |aWinnipeg, Manitoba : |bWestern and Northern Region, Canadian Wildlife Service, Environment Canada, |c1987.
300 |avii, 112 p. : |bfigures, maps.
4901 |aTechnical report series ; |vno. 22
500 |aDigitized edition from print [produced by Environment and Climate Change Canada].
504 |aIncludes bibliographic references.
520 |a"Aerial surveys were conducted in June, July and August, 1985 to determine numbers and distribution of waterfowl along the proposed Polar Gas pipeline route and Parsons Lake lateral in the Mackenzie River valley"--Abstract, p. i.
546 |aIncludes abstract in French.
69207|2gccst|aPipelines
69207|2gccst|aAquatic birds
7101 |aCanada. |bEnvironment Canada.
7102 |aCanadian Wildlife Service.
830#0|aTechnical report series (Canadian Wildlife Service)|vno. 22|w(CaOODSP)9.504438
85640|qPDF|s15.44 MB|uhttps://publications.gc.ca/collections/collection_2018/eccc/cw69-5/CW69-5-22-eng.pdf
986 |aCW69-5/22E